[Event "Hautes Alpes op 3rd"]
[Site "Laragne"]
[Date "2002.??.??"]
[Round "4.15"]
[White "Vigny, Philippe"]
[Black "Ranc, Francois"]
[Result "1-0"]
[WhiteElo "1830"]
[BlackElo "1499"]
[PlyCount "23"]
[EventDate "2002.02.10"]
[EventType "swiss"]
[EventRounds "9"]
[EventCountry "FRA"]
[SourceTitle "CBM 086 Extra"]
[Source "ChessBase"]
[SourceDate "2002.03.14"]
[SourceVersion "1"]
[SourceVersionDate "2002.03.14"]
[SourceQuality "1"]

1. e4 c6 2. d4 d5 3. e5 Bf5 4. Bd3 Bxd3 5. Qxd3 e6 6. f4 c5 7. dxc5 Qa5+ 8. Bd2 Qxc5 9. Be3 Qb4+ 10. Qc3 Qe4 11. Nd2 Qxg2 12. Qc8+ 1-0